| 000 | 00378nam a22001337a 4500 | ||
|---|---|---|---|
| 020 | _a978-1-5062-7718-9 | ||
| 082 |
_bHAR _a06.067(079)GRE HAR |
||
| 100 | _aHARMAN, Craig, Ed | ||
| 245 | _aGRE- Graduate Record Examination Prep 2022 | ||
| 260 |
_aFlorida _bKapplan Publishing _c2022 |
||
| 300 | _a674 | ||
| 650 |
_aGRE Prepartion Guide _aGraduate record Examination |
||
| 942 | _cBK | ||
| 999 |
_c75109 _d75109 |
||